Countries That Drive on the Left - Statistics

General Stats
  • This quiz has been taken 42 times
  • The average score is 44 of 53
Answer Stats
Answer % Correct
E United Kingdom
97%
O Australia
94%
A India
92%
A Malaysia
92%
O New Zealand
92%
A Singapore
92%
O Fiji
89%
A Indonesia
89%
E Ireland
89%
A Japan
89%
O Papua New Guinea
89%
A Bangladesh
86%
O Kiribati
86%
O Nauru
86%
A South Africa
86%
N Antigua and Barbuda
83%
A Botswana
83%
S Guyana
83%
E Malta
83%
A Namibia
83%
A Pakistan
83%
O Solomon Islands
83%
N St Lucia
83%
S Suriname
83%
A Tanzania
83%
A Thailand
83%
A Tonga
83%
A Tuvalu
83%
A Brunei
81%
A East Timor
81%
A Eswatini
81%
A Kenya
81%
O Samoa
81%
A Sri Lanka
81%
N St Kitts and Nevis
81%
N St Vincent and the Grenadines
81%
A Zambia
81%
A Zimbabwe
81%
N Bahamas
78%
N Jamaica
78%
A Lesotho
78%
A Mozambique
78%
N Trinidad and Tobago
78%
A Uganda
78%
N Barbados
75%
A Malawi
75%
A Maldives
75%
A Nepal
75%
A Cyprus
72%
N Dominica
72%
N Grenada
72%
A Seychelles
72%
A Mauritius
67%
No matching quizzes found
Score Distribution
Percent of People with Each Score
Percentile by Number Answered
Your Score History
You have not taken this quiz